Fragen aus der Wissenschaft - Buchstabe M - Statistiken

Allgemein
  • Dieses Quiz wurde 172 mal gespielt
  • Das Durchschnittsergebnis liegt bei 10 aus 20
Antwortstatistiken
Hinweis Antwort % Korrekt
Wissenschaft von Zahlen, Mustern oder Strukturen Mathematik
91%
Erdtrabant, beeinflusst die Gezeiten Mond
91%
Balkenspiralgalaxie, in der sich unser Sonnensystem befindet Milchstraße
88%
Deutscher Philosoph und Ökonom - Das Kapital Karl Marx
83%
Verbindungen aus zwei oder mehr Atomen, z. B. Wasser Molekül
74%
Physikalischer Grundbegriff, verleiht Körpern Trägheit Masse
73%
Dauerhafte Veränderung im Erbgut Mutation
61%
Umwandlung der Larvenform zum Adultstadium Metamorphose
56%
Einfachster Kohlenwasserstoff, CH4 Methan
51%
Österreichischer Mönch - Kreuzungsversuche mit Erbsen Gregor Mendel
50%
Teil einer Zelle mit eigener DNA - Energieproduktion Mitochondrium
50%
Lehre der Bewegung von Körpern und den Kräften Mechanik
48%
Vereinfachtes Abbild der Wirklichkeit Modell
35%
Italienische Ärztin und Reformpädagogin Maria Montessori
30%
Lehre von überlieferten Geschichten oder Erzählungen Mythologie
24%
Italienischer Philosoph und Politiker - "Der Fürst" Niccolò Machiavelli
20%
Schottischer Physiker - elektromagnetische Gleichungen James Clerk Maxwell
16%
Österreichische Kernphysikerin - Pionierin der Radiochemie Lise Meitner
15%
Britischer Ökonom, Philosoph und Utilitarist John Stuart Mill
8%
Serbische Physikerin, erste Ehefrau Albert Einsteins Mileva Marić
1%
Keine übereinstimmenden Quizze gefunden
Verteilung der Resultate
Anzahl Personen mit jedem Resultat
Perzentil nach korrekt beantworteten Fragen
Ihre Resultats-Entwicklung
Sie haben dieses Quiz noch nicht gespielt